书目信息 |
| 题名: |
电脑组装维修宝典
|
|
| 作者: | 张继水 , 曹国钧 编著 | |
| 分册: | ||
| 出版信息: | 重庆 重庆大学出版社 1999.07 |
|
| 页数: | 245页 | |
| 开本: | 26cm | |
| 丛书名: | ||
| 单 册: | ||
| 中图分类: | TP305 | |
| 科图分类: | ||
| 主题词: | 计算技术 , 电子计算机 | |
| 电子资源: | ||
| ISBN: | 7-5624-1919-1 | |
| 000 | 00647nam0 2200217 45 | |
| 001 | 0355771303 | |
| 005 | 2003091915293101 | |
| 010 | @a7-5624-1919-1@dRMB 19.80 | |
| 100 | @a20030919d1999 km y0chiy0120 ea | |
| 101 | 0 | @achi |
| 102 | @aCN | |
| 200 | 1 | @a电脑组装维修宝典@Adian nao zu zhuang wei xiu bao dian@f张继水,曹国钧等编著@Fzhang ji shui,cao guo jun deng bian zhu |
| 210 | @a重庆@c重庆大学出版社@d1999.07 | |
| 215 | @a245页@d26cm | |
| 606 | 0 | @a计算技术 |
| 606 | 0 | @a电子计算机 |
| 690 | @aTP305@v3 | |
| 701 | 0 | @a张继水@Azhang ji shui@4编著 |
| 701 | 0 | @a曹国钧@Acao guo jun@4编著 |
| 801 | 0 | @aCN@bPFT@c20030919 |
| 905 | @aBZT@dTP305@e1@f3 | |
| 电脑组装维修宝典/张继水,曹国钧等编著.-重庆:重庆大学出版社,1999.07 |
| 245页;26cm |
| ISBN 7-5624-1919-1:RMB 19.80 |
| ● |
| 相关链接 |
|
|
|
正题名:电脑组装维修宝典
索取号:TP305/1
 
预约/预借
| 序号 | 登录号 | 条形码 | 馆藏地/架位号 | 状态 | 备注 |
| 1 | 0350484 | 200346125 | 教材工具书阅览室/工1架B面2层5列/ [索取号:TP305/1] | 在馆 | |
| 2 | 0350485 | 200346134 | 教材工具书阅览室/工2架B面6层5列/ [索取号:TP305/1] | 在馆 |